[Event "Ontario-ch U20"]
[Site "Kingston CAN"]
[Date "1978.11.18"]
[Round "2"]
[White "Ross, Dave"]
[Black "Pacey, Kevin"]
[Result "1/2-1/2"]
[WhiteElo "1821"]
[BlackElo "2063"]
[PlyCount "86"]
[GameId "2160767912913206"]
[EventDate "1978.11.17"]
[EventType "swiss"]
[EventRounds "5"]
[EventCountry "CAN"]

1. Nf3 g6 2. g3 Bg7 3. Bg2 d6 4. O-O Nf6 5. c4 O-O 6. Nc3 c5 7. d4 Nbd7 8. h3 Rb8 9. Qc2 a6 10. d5 b5 11. Nd2 Nb6 12. Nd1 bxc4 13. e4 Bd7 14. a4 a5 15. Nxc4 Nxc4 16. Qxc4 Rb4 17. Qc2 Qe8 18. Nc3 Qc8 19. Kh2 Qa6 20. Bd2 Rfb8 21. Rfb1 R4b6 22. Bf1 Qb7 23. Nb5 Ra8 24. Bc3 Ne8 25. Ra3 Nc7 26. Bxg7 Kxg7 27. Qc3+ Kg8 28. Nxc7 Qxc7 29. Bc4 Rb4 30. b3 Qc8 31. g4 Qf8 32. f4 Qh6 33. Qg3 Rab8 34. Rf1 Qg7 35. e5 R8b6 36. Ra2 Bc8 37. Re2 Ba6 38. Bxa6 Rxa6 39. exd6 Rxd6 40. Rxe7 Qb2+ 41. Rf2 Qxb3 42. f5 Qxg3+ 43. Kxg3 Rxd5 1/2-1/2

[Event "St. Lawrence League"]
[Site "Ottawa CAN"]
[Date "1978.??.??"]
[Round "?"]
[White "Ross, Dave"]
[Black "Dikland, Bob"]
[Result "1-0"]
[WhiteElo "1767"]
[BlackElo "1666"]
[PlyCount "67"]
[GameId "2160767912979380"]
[EventDate "1978.??.??"]
[EventType "team"]
[EventCountry "CAN"]
[SourceTitle "CFC 1978.05"]

1. c4 c5 2. Nc3 Nc6 3. g3 g6 4. Nf3 Nf6 5. Bg2 Bg7 6. O-O O-O 7. d4 cxd4 8. Nxd4 a6 9. Nc2 d6 10. h3 Bd7 11. Kh2 Rc8 12. Bd2 Qc7 13. Rc1 Nd8 14. b3 e6 15. e4 Bc6 16. Ne3 Nd7 17. f4 f5 18. exf5 Bxg2 19. fxe6 Bxf1 20. Ncd5 Qb8 21. exd7 Rc5 22. Qxf1 Rf7 23. Nb6 Ne6 24. Bc3 Nf8 25. Bxg7 Kxg7 26. Qf2 Nxd7 27. Nxd7 Rxd7 28. Ng4 Qf8 29. Qd4+ Kf7 30. Ne5+ Rxe5 31. fxe5 Qe7 32. Rf1+ Ke8 33. e6 Qxe6 34. Qh8+ 1-0

[Event "Ottawa-ch High School"]
[Site "Ottawa CAN"]
[Date "1976.04.10"]
[Round "?"]
[White "Pacey, Kevin"]
[Black "Ross, Dave"]
[Result "1-0"]
[WhiteElo "1431"]
[BlackElo "1300"]
[PlyCount "119"]
[GameId "2160767912980260"]
[EventDate "1976.04.10"]
[EventType "swiss"]
[EventCountry "CAN"]

1. c4 f5 2. g3 e6 3. Bg2 Nf6 4. b3 Be7 5. Ba3 Bxa3 6. Nxa3 a6 7. f4 O-O 8. e3 d5 9. d4 c6 10. Nb1 Nbd7 11. Nf3 Ne4 12. O-O Qe8 13. Ne5 Ndf6 14. Nd2 Bd7 15. Nxe4 Nxe4 16. Bxe4 fxe4 17. c5 a5 18. a3 Qc8 19. Qh5 Be8 20. Qg5 Rf6 21. Ng4 Rg6 22. Qh4 Qd8 23. Qxd8 Rxd8 24. Ne5 Rf6 25. Rfb1 Ra8 26. b4 a4 27. Rf1 h5 28. Rf2 Rd8 29. Raf1 Bg6 30. g4 hxg4 31. Nxg4 Rff8 32. Rg2 Bf5 33. Nf2 Rf6 34. Rg5 Rg6 35. Rxg6 Bxg6 36. Rb1 Be8 37. Kg2 Kf7 38. Kg3 Kf6 39. Kg4 Bd7 40. Kg3 Rh8 41. Nd1 Ra8 42. Nc3 Kf5 43. b5 cxb5 44. Nxb5 Bc6 45. Nd6+ Kf6 46. Rb4 Rb8 47. Rb6 Ke7 48. Kg4 Kf6 49. h4 g6 50. Kg3 Ke7 51. Kh3 Bd7 52. Rxb7 Rxb7 53. Nxb7 e5+ 54. Kg3 exd4 55. exd4 Bc8 56. Nd6 Bd7 57. f5 Kf6 58. fxg6 Kxg6 59. Kf4 Bc6 60. Nc8 1-0

[Event "Confed. Hi. op"]
[Site "Nepean CAN"]
[Date "1975.10.04"]
[Round "?"]
[White "Ross, Dave"]
[Black "Pacey, Kevin"]
[Result "0-1"]
[WhiteElo "1400"]
[BlackElo "1431"]
[PlyCount "84"]
[GameId "2160767912976505"]
[EventDate "1975.10.04"]
[EventType "swiss"]
[EventRounds "4"]
[EventCountry "CAN"]

1. e4 g6 2. d4 Bg7 3. Nf3 d6 4. Nc3 a6 5. Bc4 Nf6 6. e5 dxe5 7. Nxe5 O-O 8. O-O b5 9. Qf3 Ra7 10. Bxf7+ Rxf7 11. Nxf7 Kxf7 12. Re1 Bb7 13. Qh3 Qd7 14. Qxd7 Nfxd7 15. Bg5 Bf6 16. Bxf6 Nxf6 17. f3 Nc6 18. Rad1 Ra8 19. a4 b4 20. Ne4 Nxe4 21. Rxe4 Rd8 22. d5 a5 23. b3 Na7 24. Rde1 Nc8 25. Rh4 Kg7 26. Rc4 Rd7 27. Rc5 Bxd5 28. Rxa5 c6 29. Ra8 Rc7 30. Rxc8 Rxc8 31. Rxe7+ Bf7 32. a5 Ra8 33. Re5 Bd5 34. Re7+ Kg8 35. Rb7 Rxa5 36. Rxb4 Ra1+ 37. Kf2 Ra2 38. Rb8+ Kg7 39. Rb7+ Kh6 40. g4 Rxc2+ 41. Kg3 Rc3 42. Kh4 g5+ 0-1